[Event "AUTO-OPEN-4549"]
[Site "http://www.queenalice.com/game.php?id=1843872"]
[Date "2024.9.17"]
[Round "1"]
[White "game"]
[Black "Kuroi"]
[Result "1-0"]
[WhiteElo "1564"]
[BlackElo "1356"]

1. e4 b6 2. Nf3 Bb7 3. Bc4 e6 4. d4 d5 5. Bg5 f6 6. Bb5+ c6 7. Bh4 cxb5 8. Ne5
g5 9. Qh5+ Ke7 10. Qf7+ Kd6 11. Qxb7 gxh4 12. Nf7# 1-0

[Event "AUTO-OPEN-4549"]
[Site "http://www.queenalice.com/game.php?id=1843873"]
[Date "2024.9.17"]
[Round "1"]
[White "Kuroi"]
[Black "game"]
[Result "1-0"]
[WhiteElo "1373"]
[BlackElo "1565"]

1. Nf3 d6 2. e3 Nc6 3. d4 Bf5 4. a3 e5 5. d5 Na5 6. Nc3 e4 7. Nd4 g6 8. Bb5+ c6
9. dxc6 bxc6 10. Nxc6 Qc7 11. Nxa5+ Bd7 12. Bxd7+ Kxd7 13. Qd5 Qd8 14. Nxe4 Nf6
15. Nxf6+ Qxf6 16. Qxa8 Be7 17. Qc6+ Ke6 18. Qc4+ d5 19. Qc6+ Bd6 20. Nb7 Ke5
21. Qc3+ Ke6 22. Qxf6+ Kxf6 23. Nxd6 Kg5 24. Nxf7+ 1-0

[Event "AUTO-INT-3893"]
[Site "http://www.queenalice.com/game.php?id=1844218"]
[Date "2024.9.25"]
[Round "1"]
[White "Carlos19"]
[Black "Kuroi"]
[Result "0-1"]
[WhiteElo "1607"]
[BlackElo "1557"]

1. e4 e5 2. Nf3 Nc6 3. Bc4 Nh6 4. d3 f6 5. Nc3 Nd4 6. Nxd4 exd4 7. Ne2 c5 8. O-O
d6 9. Bxh6 gxh6 10. f4 Bg4 11. f5 h5 12. h3 Bxe2 13. Qxe2 a6 14. Qxh5+ Kd7 15.
Qf7+ Kc8 16. Be6+ Kb8 17. Qd7 Ka7 18. Qxd8 Rxd8 19. a3 b5 20. b4 Kb6 21. bxc5+
dxc5 22. a4 b4 23. a5+ Kc7 24. g4 h5 25. Bc4 Kb7 26. Bd5+ Ka7 27. gxh5 Rxh5 28.
Rf3 Bh6 29. Kh2 Rd7 30. Be6 Rg7 31. Bd5 Rhg5 32. Kh1 Rg2 33. h4 Rxc2 34. Rh3 Rc3
35. Rg1 Rxg1+ 36. Kxg1 Be3+ 37. Kg2 b3 38. Kg3 b2 39. Ba2 Rxd3 40. Rh1 Ra3 41.
Bb1 Ra1 42. h5 Bc1 43. Bc2 c4 44. h6 Bxh6 45. Rxh6 Rc1 46. Rh7+ Kb8 47. Rh8+ Kc7
48. Rh7+ Kd6 49. Rh2 b1=Q 50. Bxb1 Rxb1 51. Rh6 Ke5 52. Kf3 c3 53. Rh2 Rb2 54.
Rh1 c2 55. Rc1 d3 56. Ke3 Rb1 57. Kd2 Kxe4 0-1

[Event "AUTO-INT-3893"]
[Site "http://www.queenalice.com/game.php?id=1844219"]
[Date "2024.9.25"]
[Round "1"]
[White "Kuroi"]
[Black "Carlos19"]
[Result "1-0"]
[WhiteElo "1539"]
[BlackElo "1588"]

1. Nf3 Nc6 2. Nc3 e5 3. e4 Nf6 4. d4 d6 5. d5 Ne7 6. g3 a6 7. Bg2 c5 8. O-O h6
9. Na4 b5 10. Nc3 b4 11. Nb1 Nxe4 12. Nh4 Nf6 13. c4 bxc3 14. Nxc3 Bb7 15. Qa4+
Nd7 16. b4 cxb4 17. Qxb4 Nb6 18. Ne4 Nexd5 19. Qa3 Nc4 20. Qa4+ Qd7 21. Qxc4 f5
22. Nd2 f4 23. Bxd5 fxg3 24. hxg3 Bxd5 25. Qxd5 Ra7 26. Nc4 Be7 27. Ng6 Rh7 28.
Qg8+ Bf8 29. Qxf8# 1-0

[Event "AUTO-INT-3893"]
[Site "http://www.queenalice.com/game.php?id=1844234"]
[Date "2024.9.25"]
[Round "1"]
[White "Kuroi"]
[Black "eloy"]
[Result "0-1"]
[WhiteElo "1470"]
[BlackElo "1586"]

1. Nf3 Nc6 2. d4 d5 3. Nc3 Nf6 4. Bf4 e6 5. Nb5 Bd6 6. Bxd6 cxd6 7. g3 a6 8. Nc3
h6 9. Bg2 O-O 10. O-O Qb6 11. b3 e5 12. dxe5 dxe5 13. Nxd5 Nxd5 14. Qxd5 Be6 15.
Qe4 f5 16. Qe3 Qxe3 17. fxe3 Nb4 18. Nxe5 Nxc2 19. Bxb7 Nxe3 20. Ng6 Nxf1 0-1

[Event "AUTO-INT-3893"]
[Site "http://www.queenalice.com/game.php?id=1844235"]
[Date "2024.9.25"]
[Round "1"]
[White "eloy"]
[Black "Kuroi"]
[Result "1-0"]
[WhiteElo "1574"]
[BlackElo "1482"]

1. e4 e5 2. Nf3 Nc6 3. Bc4 Nh6 4. d3 Bc5 5. Bxh6 gxh6 6. Nc3 d6 7. h3 Na5 8. a3
c6 9. b4 Nxc4 10. dxc4 Bb6 11. O-O Rg8 12. b5 Ba5 13. Qd3 Bxh3 14. Kh2 Bxg2 15.
Rg1 Bc7 16. Rxg2 Rxg2+ 17. Kxg2 Ke7 18. Rh1 1-0

[Event "AUTO-INT-3893"]
[Site "http://www.queenalice.com/game.php?id=1844236"]
[Date "2024.9.25"]
[Round "1"]
[White "Kuroi"]
[Black "Jomaley"]
[Result "0-1"]
[WhiteElo "1459"]
[BlackElo "1602"]

1. Nf3 f6 2. d4 d5 3. Nc3 e6 4. g3 Bb4 5. Bd2 a5 6. Bg2 Bxc3 7. Bxc3 b6 8. O-O
c5 9. a4 c4 10. b3 Nc6 11. bxc4 dxc4 12. Nh4 Bb7 13. e3 Nge7 14. Qg4 g6 15. Qxe6
Rf8 16. d5 Nb4 17. d6 Bxg2 18. Nxg2 Qd7 19. Qxd7+ Kxd7 20. dxe7 Kxe7 21. Bxb4+
axb4 22. Nf4 b3 23. Nd5+ Kd8 0-1

[Event "AUTO-INT-3893"]
[Site "http://www.queenalice.com/game.php?id=1844237"]
[Date "2024.9.25"]
[Round "1"]
[White "Jomaley"]
[Black "Kuroi"]
[Result "1-0"]
[WhiteElo "1566"]
[BlackElo "1449"]

1. f3 b6 2. d3 Bb7 3. Bf4 Nc6 4. c3 e5 5. Bd2 d5 6. h4 Qe7 7. Bg5 f6 8. Bd2
O-O-O 9. f4 g6 10. h5 Bg7 11. hxg6 hxg6 12. fxe5 Nxe5 13. Rxh8 Bxh8 14. Bf4 Qc5
15. Nf3 g5 16. Bxe5 fxe5 17. b4 Qc6 18. Nxg5 Qf6 19. Nf3 d4 20. c4 Nh6 21. c5
Nf5 22. cxb6 1-0

[Event "AUTO-INT-3894"]
[Site "http://www.queenalice.com/game.php?id=1844464"]
[Date "2024.9.29"]
[Round "1"]
[White "Kuroi"]
[Black "DAN1958"]
[Result "1-0"]
[WhiteElo "1561"]
[BlackElo "1479"]

1. d4 d5 2. Nf3 f6 3. Nc3 c6 4. g3 Nh6 5. Bg2 Nf5 6. O-O Nd7 7. Bh3 Nd6 8. Be6
Nb6 9. Bxc8 Qxc8 10. Kg2 g5 11. b3 Nb5 12. Bb2 Nxc3 13. Bxc3 Nd7 14. Bb2 b5 15.
Qd3 Nb6 16. a4 b4 17. a5 Nd7 18. e3 a6 19. Ra4 Rb8 20. Raa1 e6 21. e4 h6 22. h3
h5 23. e5 g4 24. Qg6+ Ke7 25. Nh4 Bh6 26. Rae1 f5 27. Nxf5+ exf5 28. Qd6+ Kd8
29. e6 Bf8 30. e7+ Bxe7 31. Rxe7 Re8 32. Rxe8+ Kxe8 33. Re1+ Kd8 34. Bc1 Qc7 35.
Qe7+ Kc8 36. Bf4 Qa7 37. Qe8+ Kb7 38. Qxd7+ Ka8 39. Bxb8 Qxb8 40. Re8 c5 41.
Qc6+ 1-0

[Event "AUTO-INT-3894"]
[Site "http://www.queenalice.com/game.php?id=1844465"]
[Date "2024.9.29"]
[Round "1"]
[White "DAN1958"]
[Black "Kuroi"]
[Result "0-1"]
[WhiteElo "1493"]
[BlackElo "1541"]

1. e4 e5 2. c4 Nc6 3. d3 Qf6 4. f3 Bb4+ 5. Bd2 a5 6. a3 Bc5 7. Ne2 Bd4 8. Bc3 b6
9. g4 Qxf3 10. Nxd4 Qxh1 11. Nxc6 dxc6 12. Qe2 Qg1 13. Bxe5 Bxg4 14. Qg2 Qe3+
15. Be2 Qc1+ 16. Kf2 Qg5 17. Bxc7 Qf6+ 18. Ke3 Bxe2 19. Kxe2 Qxb2+ 20. Kf3 Qxa1
21. Nd2 g6 22. Kf4 Qxa3 23. Qe2 Qe7 24. Bxb6 a4 25. Nf3 c5 26. Qe3 Qf6+ 27. Kg3
Qxb6 28. e5 a3 29. Qe4 a2 30. Qxa8+ Qd8 31. Qxa2 Qxd3 32. Qa8+ Ke7 33. Qa7+ Kf8
34. Qxc5+ Ne7 35. Qb4 h5 36. c5 Nf5+ 37. Kf4 Qe3# 0-1

[Event "AUTO-INT-3894"]
[Site "http://www.queenalice.com/game.php?id=1844466"]
[Date "2024.9.29"]
[Round "1"]
[White "Kuroi"]
[Black "victor_lobo"]
[Result "0-1"]
[WhiteElo "1574"]
[BlackElo "1548"]

1. d4 d5 2. Nf3 f6 3. Nc3 c6 4. e3 b5 5. b4 a5 6. Ba3 e6 7. g3 axb4 8. Bb2 bxc3
9. Bxc3 Qb6 10. Bg2 b4 11. Bb2 b3 12. axb3 Rxa1 13. Bxa1 Ba6 14. Bc3 Bb4 15. Qa1
Qb5 16. Bf1 Bxc3+ 17. Qxc3 Qb6 18. Bh3 Kf7 19. Qb2 Nh6 20. c3 Rc8 21. b4 g5 22.
Qb1 Kg7 23. Bxe6 Re8 24. Bf5 Nxf5 25. Qxf5 Qb5 26. Qc2 Nd7 27. Kd1 Bb7 28. g4
Ra8 29. Qf5 Ra1+ 30. Kd2 Rxh1 31. Qxd7+ Kg6 32. Qe6 Kg7 33. e4 Ba6 34. Qe7+ Kg6
35. Qe8+ Kg7 36. Kc2 Qa4+ 37. Kd2 Qd1+ 38. Ke3 Qd3# 0-1

[Event "AUTO-INT-3895"]
[Site "http://www.queenalice.com/game.php?id=1844840"]
[Date "2024.10.7"]
[Round "1"]
[White "Kuroi"]
[Black "Givanildo"]
[Result "1-0"]
[WhiteElo "1463"]
[BlackElo "1561"]

1. e4 d5 2. d4 dxe4 3. Nc3 Bf5 4. Bf4 e6 5. Nb5 Bb4+ 6. c3 Ba5 7. Qa4 c6 8. Nd6+
Kf8 9. Nxb7 Bxc3+ 10. bxc3 Qh4 11. Bd6+ Ne7 12. Qa5 Nd7 13. Qc7 e5 14. Bxe7+
Qxe7 15. Nd6 Be6 16. Qxc6 exd4 17. Qxa8+ Nb8 18. Qxb8+ Qe8 19. Qxe8# 1-0

[Event "AUTO-INT-3895"]
[Site "http://www.queenalice.com/game.php?id=1844841"]
[Date "2024.10.7"]
[Round "1"]
[White "Givanildo"]
[Black "Kuroi"]
[Result "1-0"]
[WhiteElo "1627"]
[BlackElo "1493"]

1. d4 d5 2. Bf4 Nf6 3. h3 Nc6 4. e3 e6 5. Bb5 Bd7 6. a3 a6 7. Bd3 g6 8. Ne2 Bg7
9. O-O O-O 10. Ng3 Na5 11. Bg5 b5 12. b4 Nb7 13. Bxf6 Qxf6 14. f4 c6 15. Nc3 Qh4
16. Rf3 Bf6 17. Nce2 Rac8 18. f5 exf5 19. Rf4 Qh6 20. a4 Be7 21. axb5 axb5 22.
h4 Bxh4 23. Ra7 Rb8 24. c3 Rfe8 25. Rf3 Rxe3 26. Rf4 Bxg3 27. Nxg3 Qxf4 28. Nf1
Qg5 29. Nxe3 Qxe3+ 30. Kf1 Be6 31. Qc2 Nd6 32. Be2 Ne4 33. Ra3 1-0

[Event "AUTO-INT-3895"]
[Site "http://www.queenalice.com/game.php?id=1844844"]
[Date "2024.10.7"]
[Round "1"]
[White "Kuroi"]
[Black "Ruusgugg"]
[Result "1-0"]
[WhiteElo "1555"]
[BlackElo "1299"]

1. e4 c5 2. d3 e5 3. Nf3 d5 4. Nxe5 d4 5. Qf3 f6 6. Qh5+ Ke7 7. Nf7 Qe8 8. Be2
g6 9. Qd5 Be6 10. Qxb7+ Bd7 11. Nxh8 Nc6 12. Bg4 Rb8 13. Qxd7+ Qxd7 14. Bxd7
Kxd7 15. b3 Nb4 16. Na3 Ke7 17. Bd2 Bg7 18. Bf4 Rb6 19. Nxg6+ hxg6 20. O-O g5
21. Nc4 Ra6 22. Bd2 Nxc2 23. Na5 Nxa1 24. Rxa1 Rb6 25. a3 Nh6 26. Rb1 f5 27.
Bxg5+ Kd7 28. Nc4 Rg6 29. Bxh6 Bxh6 30. Ne5+ Kd6 31. Nxg6 Ke6 32. exf5+ Kxf5 33.
Ne7+ Kf6 34. Ng8+ Kg6 35. Nxh6 Kxh6 36. b4 1-0

[Event "Challenge"]
[Site "http://www.queenalice.com/game.php?id=1844921"]
[Date "2024.10.8"]
[Round "-"]
[White "Kuroi"]
[Black "dejami"]
[Result "0-1"]
[WhiteElo "1429"]
[BlackElo "1632"]

1. e4 e5 2. Nf3 Qf6 3. Bc4 g5 4. d4 d6 5. Bxg5 Qg6 6. d5 Qxe4+ 7. Be2 f6 8. Nc3
Qb4 9. Bc1 a6 10. O-O Nd7 11. a3 Qb6 12. Be3 c5 13. dxc6 Qxc6 0-1

[Event "Challenge"]
[Site "http://www.queenalice.com/game.php?id=1844922"]
[Date "2024.10.8"]
[Round "-"]
[White "dejami"]
[Black "Kuroi"]
[Result "1-0"]
[WhiteElo "1614"]
[BlackElo "1438"]

1. e4 e5 2. Bc4 Nf6 3. d3 d5 4. exd5 Bc5 5. h3 Nxd5 6. Qf3 Nf6 7. g4 O-O 8. g5
Ne8 9. h4 g6 10. h5 Ng7 11. hxg6 Be6 12. gxh7+ Kh8 13. b3 Nf5 14. Nc3 Nd4 15.
Qd1 1-0